000 00438nam a2200181Ia 4500
005 20250603144742.0
008 250603s9999 xx 000 0 und d
020 _a1854311131
050 _aKP 93 .D6/
100 _aDoherty, Oluwatoyin
245 0 _aCriminal procedure in Nigeria: law and practice
260 _aLondon
260 _bBlack Stone Press Ltd
260 _c2009
300 _a494 p
650 _aLondon
942 _cBK
999 _c39847
_d39847